Jak dobrze znasz animowane filmy Disney'a? Quiz wiedzy, lata 1990-1999 - Statystyki

Ogólne statystyki
  • Ten quiz został rozwiązany 64 razy
  • Średni wynik to 11 z 25
Statystyki odpowiedzi
Lp. Pytanie Odpowiedź % Poprawnych
9 W jakim mieście dzieje się akcja filmu "Dzwonnik z Notre Dame"? Paryż
91%
3 Jakim zwierzęciem był Apu, towarzysz Aladyna? Małpa
89%
6 Która polska wokalistka wykonała takie utwory jak "Kolorowy wiatr" czy "Ten za łukiem rzeki kwiat" na potrzeby polskiej wersji językowej Pocahontas? Edyta Górniak
80%
13 Jak miała na imię wybranka serca Alladyna, księżniczka Agrabahu? Jasmina
78%
11 Przez jakie zwierzęta został wychowany Tarzan? Goryle
74%
23 Z rąk (łap?) jakich zwierząt ostatecznie dokonuje żywotu Skaza? Hieny
74%
7 W jaki przedmiot został zamieniony Lumière, służący na zamku "Bestii" z filmu Piękna i Bestia? Świecznik
72%
19 Do jakiej grupy etnicznej należała Esmeralda z "Dzwonnika z Notre Dame"? Cyganka
63%
2 Jak miał na imię tukan z Króla Lwa, królewski majordomus? Zazu
57%
20 Jakiego gatunku było magiczne mówiące drzewo z animacji "Pocahontas"? Wierzba
54%
15 Który brytyjski muzyk stworzył nagrodzoną Oscarem piosenkę do Króla Lwa - Can You Feel the Love Tonight? Elton John
52%
24 Jak miała na imię ludzka partnerka Tarzana? Jane Porter
52%
10 Jak miał na imię nieporadny smok towarzyszący Mulan w jej wyprawie? Mushu
50%
21 Które mitologiczne stworzenie było podarkiem Zeusa dla Herkulesa? Pegaz
50%
8 Czego został pozbawiony Herkules przez pomagierów Hadesa tracąc przez to miejsce wśród bogów Olimpu? Nieśmiertelność
39%
16 Jak ma na imię wybranka serca Bestii z animacji "Piękna i Bestia"? -quiz akceptuje polską jak i oryginalną formę imienia. Belle
33%
12 Jak ma na imię syn Goofy'ego z filmu animowanego "Goofy na wakacjach"? Max
20%
14 Jakim mitologicznym stworzeniem był Phil, trener herosów? Satyr
20%
4 Do którego kraju udają się myszy Bernard i Bianka w swoim drugim filmie? Australia
15%
18 W 1999 roku wypuszczono sequel filmu będącego mieszanką animacji studia Disney oraz muzyki klasycznej. Jaki miał on tytuł? Fantazja 2000
15%
22 Który amerykański komik i aktor wcielił się w rolę Dżina w anglojęzycznej wersji Aladyna? Robin Williams
13%
1 Z jakiego ludu koczowniczego pochodził Shan Yu, czarny charakter z Mulan? Hunowie
11%
25 Jak miała na imię stworzona przez doktora Finkelsteina "narzeczona" z filmu "Miasteczko Haloween"? Sally
11%
5 Do jakiego miasta przybył Herkules jako heros żółtodziób? Teby
11%
17 Jakim zwierzęciem był Sabor z którym zmierzył się Tarzan w animacji Disneya? Leopard
4%
Nie znaleziono quizów pasujących do podanych kryteriów
Rozkład punktacji
Procent ludzi z każdym wynikiem
Percentyl według liczby udzielonych odpowiedzi
Twoja historia wyników
Nie rozwiązałeś tego quizu